000 00596nam a2200229Ia 4500
003 OSt
005 20221005130646.0
006 a|||||r|||| 00| 0
007 ta
008 221004b |||||||| |||| 00| 0 urd d
024 _a112684
037 _cTextual
040 _aCRL
_cCRL
_burd
041 _2urd
_aurd
082 _aDelta73xI811,1, 168K8
100 _aAloovi Tanveer Ahmad
_9625990
245 0 _aSahaefe marefat
260 _c1968
650 _aSPIRITUALISM
942 _hDelta73xI811,1, 168K8
_cTEXL
_2cc
999 _c1057933
_d1057933